[Event "Championnat 13"]
[Site "Vitrolles"]
[Date "2013.03.09"]
[Round "8"]
[White "Estevez, Ange"]
[Black "Colandrea, Sauveur"]
[Result "1/2-1/2"]
[WhiteElo "1618"]
[BlackElo "1784"]
[Annotator "Gozzoli,Y"]
[PlyCount "127"]
[EventDate "2012.??.??"]
[EventType "swiss"]
[EventRounds "6"]
[EventCountry "FRA"]
[SourceDate "2005.09.12"]

1. e4 d6 2. d4 Nf6 3. Nc3 Nbd7 {La Philidor, défense chère au GMI Français
Christian Bauer.} 4. f4 {Une manière directe d'utiliser le manque d'espace
adverse. Mais les Noirs ont un jeu satisfaisant.} (4. Nf3 e5 5. g4 $5 {est une
manière tranchante de combattre ce système.}) 4... e5 {La réaction adéquate.}
5. fxe5 $6 {Une sérieuse faute stratégique qui relâche la tension au centre et
libère le Bf8 de sa structure.} (5. Nf3 exd4 6. Qxd4 c6 7. Be3 d5 {est la
continuation classique.}) 5... dxe5 6. dxe5 Nxe5 7. Qxd8+ Kxd8 $15 {Les Noirs
ont une excellente position. Ils ont un fort contrôle de la case e5 et le pion
e4 est très faible.} 8. Bg5 c6 $1 {Contrôle la case d5 et donne une case de
sortie au K} 9. O-O-O+ Kc7 10. h3 (10. Bf4 {ne mène à rien.} Bd6 11. Kb1 (11.
Nf3 $6 Nd3+ $1 12. Bxd3 Bxf4+ 13. Kb1 Ng4 14. Rdf1 f6 $17) 11... Nh5 $1 12. Be3
Ng4 13. Bd4 Be5 14. Bxe5+ Nxe5 15. Nf3 Re8 $17) 10... Be6 $6 (10... Bd6 {est
plus précis.} 11. Nf3 Nh5 $1 12. Bh4 Nxf3 13. gxf3 Bf4+ 14. Kb1 g5 {accentue
le contrôle des cases noires.} 15. Bf2 Ng3 16. Bxg3 Bxg3 17. Ne2 Be5 $17) 11.
Bf4 $6 (11. Nf3 $1 Bd6 12. Nd4 {suivi de Be2-Rhf1 permettait aux Blancs
d'obtenir une certaine initiative.}) 11... Bd6 12. Nge2 (12. g3 $5) 12... Rad8
(12... b5 $5 {pour contrôler c4 et menacer b4 mérite l'attention.}) 13. g4 $6 {
affaiblit les cases noires de l'aile-K} (13. g3 $142) 13... h6 $6 {pas
nécéssaire !} (13... Ng6 $1 14. Be3 (14. Rxd6 Nxf4 $1 15. Rxd8 Nxe2+ 16. Bxe2
Rxd8 $17) 14... Be5 $17) 14. Bg2 Nc4 $4 {Une grosse faute tactique.} (14... Ng6
$1 15. Rxd6 Nxf4 16. Rxd8 Nxe2+ 17. Nxe2 Rxd8 $15) 15. Bxd6+ $2 (15. Rxd6 $1 {
gagnait du matériel !} Nxd6 16. e5 $18) 15... Rxd6 16. Rxd6 Kxd6 $15 {
Diagramme [#] après avoir frôler la catastrophe, les Noirs ont récupéré leur
avantage (cases noires faibles, mauvais Bg2, pion e4 faible)} 17. Nf4 Kc7 {
Rien ne préssait !} (17... g5 $1 18. Nxe6 fxe6 $1 $19 {Pour contrôler la case
f5. Maintenant les Noirs vont manoeuvrer leurs N pour les poster en e5 et f4
et préparer la poussée h6-h5. La position est stratégiquement gagnante.}) 18.
b3 Ne5 19. Rd1 $6 (19. Rf1 {s'imposait pour contrôler la poussée g7-g5 et
h6-h5.}) 19... Rd8 (19... g5 $1 20. Nd3 (20. Nxe6+ fxe6 21. Rf1 Rf8 $19) 20...
Nfd7 {suivi de h6-h5 donne un gros avantage aux Noirs.}) 20. Rxd8 Kxd8 {La
position est toujours en faveur des Noirs mais l'absence des R rend la
réalisation technique plus complexe, la poussée h5 étant moins efficace sans
la R} 21. Nxe6+ $6 {Une faute. Il n'y a aucune raison d'échanger ce bon N
contre le Be6 passif.} fxe6 22. Ne2 Ke7 23. Nf4 Nf7 $6 (23... g5 $1 24. Ne2 (
24. Nd3 $6 Nxd3+ 25. cxd3 {Le rapport de force entre le Nf6 et le Bg2 est
clairement en faveur du N.} Kd6 26. d4 $2 (26. Kd2 c5 $1 27. Kc3 e5 $19) 26...
e5 $1 27. dxe5+ Kxe5 $19) 24... Ng6 $1 25. Kd2 Nf4 26. Nxf4 gxf4 27. c3 Kd6 28.
Kd3 Ke5 29. Bf3 Nh7 30. h4 Kf6 $1 31. Bg2 Nf8 32. Bh3 e5 33. Ke2 Ng6 34. h5 Nf8
35. Kf3 Ne6 36. Kf2 Kg5 $19 {est un exemple de gain.}) 24. Kd2 e5 25. Nd3 $6 (
25. Ng6+ {empêchait le pion g7 de prendre part au contrôle de f4.}) 25... b6 $6
{affaiblit la structure pour rien.} (25... Nd7 26. Ke3 Ng5 27. h4 Ne6 $17) 26.
c4 $2 {donne la case d4.} (26. Ke3 Nd7 27. Bf1 Nf8 28. Ne1 Ne6 29. Bc4 $15)
26... Kd6 (26... Nd7 $5) 27. Ke3 h5 $6 {Le plan des Noirs est : occuper la
case f4 (ou d4), échanger une paire de N et gagner les pions blancs. Mais si
on échange les pions blancs alors il n'y aura plus rien à gagner !} (27... Nd7
28. a3 Nc5 $17) 28. gxh5 $1 Nxh5 29. Bf3 Nf6 30. b4 $1 {Diagramme [#] Les
Blancs ont très bien réagi et le B peut à tout moment apparaître en g4. Ils
ont égalisé.} c5 31. a3 $6 (31. bxc5+ bxc5 32. Nb2 $1 {avec l'idée Na4-c3 est
fort.}) 31... Nd8 (31... Ng5 $1 {amène le N en e6 avec gain de temps sur h3.})
32. bxc5+ bxc5 33. Ne1 Nc6 34. Nc2 Nh7 35. Kd3 Nf8 36. Bg4 Ng6 37. Ke3 Nf4 $15
{Les Noirs sont mieux bien sûr, mais ils doivent faire preuve de technique
pour convertir leur avantage.} 38. Kf3 $4 {Une grosse erreur qui perd en force.
} Nd3 $4 (38... Nd4+ 39. Nxd4 cxd4 $19 {gagne le pion c4 de manière forcée et
la partie.}) 39. Ne3 g6 40. Kg3 Nd4 41. h4 $1 {Les Blancs veulent échanger le
maximum de pion pour éliminer des faiblesses potentielles.} Ne1 42. h5 gxh5 43.
Bxh5 Nec2 44. Nxc2 Nxc2 45. a4 {Une finale amusante où les Blancs ont un
mauvais et 3 faiblesses contre un super N. Mais le K noir ne peut pas pénétrer
si facilement par a5 car le K blanc viendrait attaquer le pion e5.} Nd4 46. Be8
$2 (46. Bf7 $11) 46... Ne2+ (46... Nb3 $1 47. Bf7 Nd2 48. Bd5 a5 $1 49. Kg4 Nb1
50. Bf7 Nc3 $17) 47. Kf3 Nd4+ 48. Kf2 Kc7 49. Kg3 Kb6 50. Kg4 a6 51. Bd7 Ka5
52. Kg5 Kb4 53. Kf6 Kxc4 54. Kxe5 $11 {Les Blancs ont bien défendu. La finale
est nulle.} Kd3 $6 (54... a5 55. Bg4 Kd3 56. Kd5 c4 57. e5 c3 58. Bh5 Kd2 59.
Bg6 $11) 55. Bc8 $1 a5 $4 (55... Kc4 56. Bxa6+ Kb4 57. Kd5 Kxa4 58. e5 Ka5 59.
Bf1 Kb6 $11) 56. Ba6+ $4 (56. Kd5 $1 {gagne pour les Blancs ! Le pion 'a' est
de la bonne couleur du B !} Nf3 57. Kxc5 Ke3 (57... Kxe4 58. Bb7+ Kf4 59. Bxf3
Kxf3 60. Kb5 Ke4 61. Kxa5 Kd5 62. Kb6 $18) 58. Kb5 Ne5 59. Bb7 Kd4 60. Kxa5 Kc5
61. Bd5 $18) 56... Kc3 57. Kd5 Kb4 58. e5 Nf5 $1 {le seul coup !} 59. e6 c4 (
59... Ne7+ {forcé la nulle plus facilement.} 60. Kd6 Nf5+ 61. Ke5 Nd4 62. e7
Nc6+ 63. Kd6 Nxe7 64. Kxe7 Kxa4 $11) 60. Bxc4 Kxa4 61. Bd3 Ng7 62. Bc2+ Kb4 63.
Kd6 a4 64. Bxa4 1/2-1/2

[Event "Championnat 13"]
[Site "Vitrolles"]
[Date "2013.03.09"]
[Round "8"]
[White "Bouillot, Quentin"]
[Black "Urcun, Gael"]
[Result "1-0"]
[WhiteElo "1692"]
[BlackElo "1686"]
[Annotator "Gozzoli,Y"]
[PlyCount "83"]
[EventDate "2012.??.??"]
[EventType "swiss"]
[EventRounds "6"]
[EventCountry "FRA"]
[SourceDate "2005.09.12"]

1. d4 Nf6 2. c4 g6 3. Nc3 Bg7 4. e4 d6 5. Nf3 O-O 6. Bd3 $6 {Une très très
mauvaise case pour le B. Le pion d4 peut rapidement se retrouver sous pression.
} (6. Be2 {est la graaaaaaaaaande variante.}) (6. h3 {est une variante très à
la mode.}) 6... e5 {pas une mauvaise réaction mais pas la meilleure manière de
de souligner l'imprécision blanche.} (6... Bg4 $1 7. h3 Bxf3 8. Qxf3 Nfd7 $1 9.
Be3 Nc6 $1 $15 {soulignait la faiblesse de d4.} 10. d5 Nd4 $1 11. Qd1 c5 $1) 7.
O-O Bg4 $6 {pas vraiment l'idée connectée à ...e5.} (7... Nc6 8. d5 Nd4 $1 {
souligne une nouvelle fois le fait que la Qd1 ne contrôle plus d4.}) 8. d5 {Le
Bg7 est maintenant enfermé derrière sa structure comme dans une Est-Indienne
normale.} Na6 (8... Nh5 9. h3 Bc8 {avec l'idée f5 est une autre possibilité.})
9. a3 $6 {Je n'aime pas ce coup qui n'empêche pas l'idée noire.} Nc5 10. Bc2 a5
$6 {pas un mauvais coup mais pas le meilleur !} (10... Nfxe4 $1 11. Nxe4 Nxe4
12. Bxe4 f5 $1 13. Bd3 e4 14. Be2 exf3 15. Bxf3 $17 {donnait aux Noirs une
superbe position notemment grâce à la libération de leur Bg7.}) 11. Bg5 h6 12.
Be3 b6 $6 {affaiblit les cases blanches sans raison.} (12... Nh5) 13. h3 $1 Bh5
$6 {Diagramme [#]} (13... Bc8 $142) 14. Bxc5 (14. g4 $1 {est la ligne critique.
} Nxg4 15. hxg4 Bxg4 16. Bxc5 bxc5 17. Qd3 $1 f5 18. Nh2 $16 {et les Noirs ont
peu de compensations pour la pièce sacrifiée.}) 14... bxc5 (14... Bxf3 $1 15.
Qxf3 bxc5 16. Ba4 Rb8 17. Rab1 Nh5 $132) 15. Ba4 (15. g4 $1 $16) 15... g5 $5 {
la position noire est terriblement affaiblie mais le Ba4 est hors-jeu et ne
permet pas aux Blancs de se libérer de ce clouage sur le Nf3.} 16. Qd3 g4 $6 (
16... Bg6 $1 {avec l'idée Nh5-f4 et f7-f5 était très fort !}) 17. hxg4 Nxg4 18.
Ne2 $6 (18. g3 $1 {avec l'idée Nh4-Nf5 ou Kg2-Rh1 donnait aux Blancs un gros
avantage.}) 18... Bg6 {menace f7-f5.} 19. Ng3 h5 $1 {les Noirs appliquent les
bonnes idées. Ils menacent h5-h4 et/ou Nh6 suivi de f7-f5.} 20. Rab1 $6 {b4
n'est pas une menace donc pourquoi ce coup ?} h4 $1 21. Nf5 Bf6 $6 {Les Noirs
ne doivent pas tolérer ce monstre en f5.} (21... Bxf5 $1 22. exf5 Bh6 $1 $36)
22. Rfe1 (22. Bd1 $1 Bxf5 23. exf5 Nh6 24. Nd2 {et les Blancs vont installer
leur N en e4.}) 22... Kh7 23. Qd2 Bxf5 24. exf5 Rg8 $13 {La position est très
compliquée, les deux camps ont des chances bien que d'un point de vue pûrement
stratégique, ce sont les Blancs qui sont mieux.} 25. Re4 $1 {Un bon coup qui
met la pression sur le Ng4 et le pion h4 et empêche une éventuelle poussée
e5-e4 qui libérerait le Bf6.} Qe7 (25... Rg7 $5 {avec l'idée Qh8-Kg8 et h4-h3
était très intéréssant.}) 26. Bc2 {tend un piège...} Rg7 $2 {dans lequel les
Noirs tombent !} (26... Qf8 $142 $13) 27. Nxh4 $1 $16 {Diagramme [#]} Rag8 $4 {
Souvent une gaffe est suivie d'une autre et cette partie ne fait pas exception
à la règle !} (27... Qd8 28. Nf3 Kg8 $16) (27... Bxh4 28. f6 $1 Qxf6 (28...
Nxf6 29. Rxe5+ $18) 29. Rf4+ Kg8 30. Rxf6 $18) 28. Ng6 $3 {Un superbe coup qui
intercepte la colonne 'g' avec gain de temps sur la Qe7. Le reste ne nécéssite
pas de commentaires.} Nh2 (28... fxg6 {s'imposait, bien qu'après} 29. fxg6+ Kh8
30. Rxg4 $18 {les Blancs sont encore totalement gagnants.}) 29. Kxh2 (29. Qd3
$1 $18 {attaque la Q et menace mat en h3 gagne immédiatement.} Rxg6 30. fxg6+
Rxg6 31. Kxh2) 29... fxg6 30. fxg6+ Rxg6 31. Rg4 Qf7 32. Qd3 (32. Rh1 $18)
32... e4 33. Qxe4 Be5+ 34. Kg1 (34. f4 $18) 34... Bd4 35. Rh4+ Kg7 36. Qxg6+
Qxg6 37. Bxg6 Kxg6 38. Rg4+ Kf7 39. Rxg8 Kxg8 40. g4 Kg7 41. Kg2 a4 42. b3 1-0

[Event "Championnat 13"]
[Site "Vitrolles"]
[Date "2013.02.19"]
[Round "8"]
[White "Charvein, Gabriel"]
[Black "Scamaroni, Jean-Paul"]
[Result "1/2-1/2"]
[WhiteElo "1837"]
[BlackElo "1672"]
[Annotator "Gozzoli,Y"]
[PlyCount "66"]
[EventDate "2012.??.??"]
[EventType "swiss"]
[EventRounds "6"]
[EventCountry "FRA"]
[SourceDate "2005.09.12"]

1. e4 c5 2. Nc3 Nc6 3. g3 {Sicilienne fermée !} d6 (3... g6) 4. Bg2 e6 {Un
système un peu passif.} (4... g6 {est plus commun.}) 5. d3 Nf6 6. f4 Be7 7. Nf3
O-O 8. O-O a6 $6 {Les Noirs jouent de manière très passive et laissent les
Blancs s'emparer de l'initiative.} 9. h3 Qc7 10. Be3 $6 (10. g4 $1 {est la
continuation logique du précédent coup.}) 10... Rb8 11. g4 b5 12. Ne2 Bb7 13.
f5 $6 {trop tôt.} (13. Ng3 $142 Nd7 14. g5 $40 {Les Noirs vont devoir générer
un contre-jeu très rapide pour ne pas subir une attaque en règle sur leur
roque.}) 13... exf5 $1 {Bien joué ! Les Noirs ouvrent la position pour
contre-attaquer au centre.} 14. gxf5 $6 (14. g5 $1 Nh5 15. exf5 Rbe8 16. Qd2
$13) 14... Ne5 $6 (14... d5 $1 {La continuation logique. Les Noirs ouvrent le
centre pour tirer profit de l'affaiblissement du roque adverse.} 15. e5 $6 (15.
Nd2 $15) 15... Nxe5 16. Nxe5 Qxe5 17. Bf4 Qxb2 18. Bxb8 Rxb8 $19 {est
clairement en faveur des Noirs. Ils ont deux pions et la paire de B pour la
qualité. De plus le roque et la structure blanche sont en ruines.}) 15. Qe1
Nxf3+ 16. Bxf3 Nd7 (16... d5 $1 17. Bf4 Bd6 18. Bxd6 Qxd6 19. Qg3 Qxg3+ 20.
Nxg3 dxe4 21. Nxe4 Nxe4 22. Bxe4 Bxe4 23. dxe4 Rfe8 24. Rfe1 f6 $15) 17. Qg3
Bf6 18. c3 Ne5 (18... Rfe8 $5 {avec l'idée c5-c4 était très intéréssant.}) 19.
Nf4 Nxf3+ $6 (19... Kh8 {pour enlever le K du clouage sur la colonne 'g' était
important. Les Noirs vont ensuite préparer la poussée c5-c4 ou d6-d5.}) 20.
Rxf3 Be5 $2 (20... Kh8 21. Nh5 Rg8 22. Kh1 Be5 23. Bf4 c4 $1 $40) 21. Qg4 $6 (
21. d4 $1 cxd4 22. cxd4 Bf6 (22... Bxf4 23. Bxf4 $16) 23. Nh5 Qe7 24. Nxf6+
Qxf6 25. Rd1 h6 26. Rf4 $1 $18) 21... Rbd8 $6 (21... Kh8 $142) 22. Nh5 g6 $2 {
Une sérieuse erreur.} (22... Kh8 $142 {s'imposait vraiment !}) 23. f6 $2 (23.
Bh6 $1 Rfe8 24. Raf1 $1 Rd7 25. fxg6 hxg6 26. Rf5 {menace Rxe5 et Nf6.} Bh8 27.
Nf4 $1 $18 {et Nxg6 est imparable.}) 23... Kh8 $6 (23... d5 $1 {posait de gros
problèmes aux Blancs !} 24. Qg5 Bh2+ 25. Kh1 Kh8 $40) 24. Bh6 Rfe8 25. Bg7+ Kg8
26. Qg5 d5 27. Qh6 (27. Bf8 $5 {était une tentative intéréssante !} Bh2+ {le
seul coup !} (27... Bd6 28. Be7 $1 Kh8 (28... Bxe7 29. fxe7 Qxe7 (29... Rxe7
30. Nf6+ Kg7 31. Ng4 $18) 30. Nf6+ Kg7 31. Raf1 dxe4 32. Nxe8+ Rxe8 33. Rxf7+
Qxf7 34. Rxf7+ Kxf7 35. Qf4+ $18) 29. e5 $1 Bxe5 (29... Bxe7 30. fxe7 Qxe7 31.
Nf6 $18) 30. Bxd8 Qxd8 31. Re3 $18) 28. Kh1 Bd6 29. Be7 Kh8 30. Bxd8 Qxd8 $13)
27... Qd6 {Diagramme [#] La dernière séquence de coups était très bonne et la
partie devrait logiquement se terminer par la nulle, mais les Blancs vont trop
vouloir gagner et les Noirs ne vont pas accepter les multiples cadeaux de leur
adversaire !} 28. exd5 $4 (28. Bh8 Qf8 29. Bg7 Qd6 30. Bh8 $11) 28... Bxd5 $4 (
28... Bh2+ $1 29. Kf2 Qxd5 $19 {avec une attaque gagnante.}) 29. Rf2 $4 (29.
Bh8 $11) 29... b4 $2 (29... Bg3 $1 $19 30. Rd2 Qe5 $1) 30. Nf4 $2 (30. Bh8 $11)
30... Ba8 $2 (30... Bxf4 $1 31. Rxf4 Qe5 32. Raf1 Qe2 $17) 31. Raf1 $4 (31. Bh8
$11) 31... bxc3 $4 (31... Bxf4 $1 32. Rxf4 Qd5 33. R4f3 Re1 $1 $19) 32. bxc3 $4
(32. Bh8 $11) 32... Bxc3 (32... Bxf4 $1 33. Qxf4 Qxd3 $19) 33. Bh8 $1 {Désolé
pour les "???" précédents mais les Blancs ont quand même raté 5 nulles et les
Noirs 5 gains et tout ça en 5 coups ! Finalement les Blancs décident de forcer
la nulle à la 6ème occasion !} Qf8 1/2-1/2

[Event "Championnat 13"]
[Site "Vitrolles"]
[Date "2013.03.09"]
[Round "8"]
[White "Parroco, Pierre-Jean"]
[Black "Figier, Anthony"]
[Result "0-1"]
[WhiteElo "1722"]
[BlackElo "1821"]
[Annotator "Gozzoli,Y"]
[PlyCount "60"]
[EventDate "2012.??.??"]
[EventType "swiss"]
[EventRounds "6"]
[EventCountry "FRA"]
[SourceDate "2005.09.12"]

1. e4 Nf6 2. e5 Nd5 3. d4 d6 4. Nf3 {La Variante Moderne de l'Alekhine.} g6 {
La Variante Alburt.} (4... Bg4 {était la préférence du GMI Bagirov.}) (4...
dxe5 5. Nxe5 c6 {est un développement moderne tout à fait valable.}) 5. c4 (5.
Bc4 {est l'autre option.}) 5... Nb6 6. Be2 Bg7 7. O-O O-O 8. h3 Nc6 9. exd6
cxd6 {Tout ceci est normal mais les Blancs vont commettre une petite
imprécision.} 10. Be3 $6 {Pas la priorité !} (10. Nc3 Bf5 11. Be3 {est le bon
ordre de coup !}) 10... d5 $1 {La réaction appropriée. Les Noirs fixent le
pion d4 et gagnent la case d4 pour leur Nb6.} 11. c5 (11. cxd5 Nxd5 {est bien
entendu clairement favorable aux Noirs.}) 11... Nc4 12. Bc1 (12. Bxc4 dxc4 13.
Nc3 {retombe dans la ligne principale à la différence que les Noirs n'ont pas
jouer Bf5 ce qui leur permet de jouer} b6 $1 {casse immédiatement la chaîne de
pions blancs.} (13... Bf5 {retombe dans la grande ligne théorique.}) 14. cxb6 (
14. d5 Nb4 $1 $15) 14... axb6 15. Qe2 Be6 16. Rfd1 Nb4 $17) 12... b6 $1 {
Thématique. Les Noirs attaquent la chaîne de pions.} (12... e5 $1 {est aussi
très fort ! Il est clair que l'ouverture blanche n'a pas eu le résultat
escompté et les Blancs sont en retard de développement et subissent déjà une
grosse attaque sur leur centre.} 13. dxe5 (13. Bxc4 dxc4 14. d5 (14. dxe5 Qxd1
15. Rxd1 Nxe5 16. Nxe5 Bxe5 17. Nc3 Bf5 $17) 14... Nd4 $17) 13... N4xe5 14.
Nxe5 Nxe5 15. Be3 Nc6 $17) 13. b3 $2 {Diagramme [#] Une grosse faute tactique.}
(13. cxb6 axb6 $15 {était le moindre mal, bien que favorable aux Noirs.}) 13...
N4a5 {pas un mauvais coup en soit mais il y avait bien meilleur !} (13... bxc5
$1 {gagnait beaucoup de matériel !} 14. bxc4 Nxd4 $1 {une combinaison tactique
basée sur la faiblesse de la grande diagonale a1-h8. Les Noirs vont récupérer
le matériel investi avec intérêt.} 15. Nxd4 (15. Nc3 Nxe2+ 16. Qxe2 Bxc3 17.
Bb2 Bxb2 18. Qxb2 d4 $19) 15... Bxd4 16. Bh6 Bxa1 17. Bxf8 Kxf8 18. cxd5 Bf6
$19 {avec un gros pion de plus et la paire de B.}) 14. cxb6 Qxb6 $15 {Les
Noirs ont toujours l'avantage. Le pion d4 est très faible et le Bc1 n'a pas de
cases actives.} (14... e5 $1 {pour ouvrir la grande diagonale semble aussi
fort. Mais avec un jeu très précis les Blancs maintiennent un certain
équilibre.} 15. dxe5 Nxe5 16. Nd4 {le seul coup.} Nec6 $1 17. Be3 Qf6 18. Nxc6
Nxc6 19. Qxd5 Rd8 20. Qf3 Qxa1 21. Qxc6 Bd7 22. Qf3 axb6 23. Bxb6 Rdc8 24. Bc4
Qf6 25. Qxf6 Bxf6 26. Rd1 Bc6 27. a3 $13) 15. Be3 Ba6 16. Nc3 Bxe2 17. Nxe2 (
17. Qxe2 {pour jouer Na4-Nc5 était meilleur.}) 17... Nb7 {Le N se dirige vers
une case importante !} 18. Qd2 Rfc8 19. Rac1 Nd6 20. Rfd1 e6 $17 {Les Noirs
ont réorganisé leurs pièces et sont prêts à assiéger le Nd4 et à attaquer
l'aile-Q par a5-a4. La position blanche est très passive.} 21. Nc3 Qd8 22. a3
$6 {affaiblit la structure à l'aile-Q.} (22. Na4 $142) 22... Rab8 $1 23. Qa2
Nf5 {La bonne case pour le N mais il y avait mieux !} (23... Na5 $1 24. b4 Nac4
{suivi de a7-a5 donnait un gros avantage aux Noirs.}) 24. Ne2 $2 (24. Bf4 Rb7 (
24... Nfxd4 25. Nxd4 Nxd4 26. Bxb8 Rxb8 27. b4 a5 {est aussi en faveur des
Noirs.}) 25. Ne2 $15) 24... Nxe3 25. fxe3 {Le pion e3 est maintenant une cible
parfaite pour le N et B noirs.} Ne7 26. b4 Nf5 27. Rxc8 Rxc8 28. Rd3 Bh6 29.
Kf2 Nd6 {La position blanche est très compromise. Leur structure est très
faible et leurs pièces sont totalement désorganisées. Leur prochain coup va
accélérer la fin..} 30. Nc3 $4 {Une grosse faute tactique qui perd
immédiatement.} Rxc3 {gagne une pièce. Les Blancs n'ont pas réussi à résoudre
leur problème de développement et de dynamisme.} 0-1